| 000 | 00710nam a2200217 a 4500 | ||
|---|---|---|---|
| 005 | 20210223131006.0 | ||
| 008 | 090522s2001 es r 000 0 spa d | ||
| 020 | _a8478445854 | ||
| 035 | _aUPN01000170573 | ||
| 049 | _aCG | ||
| 050 | 4 |
_aPT8951.17 A1.7 _bB5.2 |
|
| 100 | 1 |
_aGaarder, Jostein, _d1952- _928204 |
|
| 245 | 1 | 3 |
_aLa biblioteca mágica de Bibbi Bokken / _cJostein Gaarder y Klaus Hagerup ; tr. Kirsti Baggethun. |
| 260 |
_aMadrid : _bSiruela, _c2001. |
||
| 300 | _a210 p. | ||
| 440 | 3 |
_aLas tres edades ; _v86 |
|
| 534 |
_pTítulo original: _tBibbi Bokkens magiske bibliotek |
||
| 650 | 4 |
_aLITERATURA JUVENIL NORUEGA _919505 |
|
| 700 | 1 |
_aHagerup, Klaus, _d1946- _ecoaut. _931548 |
|
| 905 | _aLibro | ||
| 999 |
_c142678 _d142678 |
||